Dizajn ako súčasť budovania imidžu firmy

Dizajn, imidž - pojmy, definície. Imidž firmy možno vyjadriť ako sumu aktivít a opatrení firemnej kultúry, firemnej identity, firemného dizajnu, ktoré sú zabezpečované firemnou komunikáciou. Firemný dizajn je jednotná vizuálna úprava výstupov firmy, a často býva zameniteľný s pojmom firemná identita...

Ausführliche Beschreibung

Gespeichert in:
Bibliographische Detailangaben
1. Verfasser: Mlákay, Jozef
Format: Buchkapitel
Sprache:Slowakisch
Schlagworte:
Tags: Tag hinzufügen
Keine Tags, Fügen Sie das erste Tag hinzu!

MARC

LEADER 00000nla a2200000 4500
001 0195939
005 20240502073311.1
041 0 |a slo 
044 |a SK 
245 1 0 |a Dizajn ako súčasť budovania imidžu firmy  |c Jozef Mlakay 
520 |a Dizajn, imidž - pojmy, definície. Imidž firmy možno vyjadriť ako sumu aktivít a opatrení firemnej kultúry, firemnej identity, firemného dizajnu, ktoré sú zabezpečované firemnou komunikáciou. Firemný dizajn je jednotná vizuálna úprava výstupov firmy, a často býva zameniteľný s pojmom firemná identita. V súčasnosti je neoddeliteľnou súčasťou marketingovej stratégie a budovania imidžu firmy. Model komplexnej firemnej identity. 
610 2 0 |a dizajn 
610 2 0 |a imidž 
610 2 0 |a identita podniková 
610 2 0 |a kultúra podniková 
610 2 0 |a komunikácia firemná 
610 2 0 |a pojmy 
610 2 0 |a definície 
100 1 |a Mlákay, Jozef